000 00733nam a22001577a 4500
999 _c63366
_d63366
003 Ge_BSU
005 20250925155407.0
008 250925s1968 ge ||||| |||| 00| 0 geo d
041 _ageo
080 _a330.1(075.9) პ-56
245 _aპოლიტიკური ეკონომია :
_bდამხმარე სახელმძღვანელო მარქსიზმ-ლენინიზმის საფუძვლების სკოლებისათვის.
264 _aთბილისი : საბჭ. საქართველო,
_c1968.
300 _a398 გვ. ;
_b 21 სმ.
653 _aპოლიტიკური ეკონომია
942 _2udc
_cᲬᲘᲒᲜᲘ